Herby miast w województwie podkarpackim cz.2 - Statystyki

Ogólne statystyki
  • Ten quiz został rozwiązany 16 razy
  • Średni wynik to 11 z 18
Statystyki odpowiedzi
Obrazkowy Odpowiedź % Poprawnych
Bircza
75%
Krosno
75%
Baranów Sandomierski
63%
Boguchwała
63%
Dębica
63%
Jedlicze
63%
Łańcut
63%
Lesko
63%
Leżajsk
63%
Mielec
63%
Radymno
63%
Sieniawa
63%
Sokołów Małopolski
63%
Ustrzyki Dolne
63%
Brzozów
50%
Cieszanów
50%
Rudnik nad Sanem
50%
Zagórz
50%
Nie znaleziono quizów pasujących do podanych kryteriów
Rozkład punktacji
Procent ludzi z każdym wynikiem
Percentyl według liczby udzielonych odpowiedzi
Twoja historia wyników
Nie rozwiązałeś tego quizu